[Event "Lippstadt 11th"]
[Site "Lippstadt"]
[Date "2003.08.07"]
[Round "1"]
[White "Smeets, Jan"]
[Black "Brenke, Andreas"]
[Result "1-0"]
[WhiteElo "2477"]
[BlackElo "2404"]
[Annotator "Gofshtein,L"]
[PlyCount "87"]
[EventDate "2003.08.07"]
[EventType "tourn"]
[EventRounds "11"]
[EventCountry "GER"]
[EventCategory "9"]
[SourceTitle "CBM 097"]
[Source "ChessBase"]
[SourceDate "2003.11.11"]
[SourceVersion "1"]
[SourceVersionDate "2003.11.11"]
[SourceQuality "1"]

1. e4 c5 2. Nf3 d6 3. d4 cxd4 4. Nxd4 Nf6 5. Nc3 Nc6 6. Be2 e5 7. Nf3 h6 8. O-O
Be7 9. Re1 O-O 10. h3 {This modest, from first look, variation is actually
pretty poisonous} a6 11. Bf1 Qc7 12. b3 {Other common moves in this position
are: 12.Nh2 with the idea to exchange the Nf6, or the black's light-squared
bishop and to take control over the d5 square and also the immideate 12.Nd5} (
12. Nh2 Bd8 {Black's idea is to play Ba5 exchanging white's  'c3' N thus
reducing the pressure off the 'd5' square.} (12... b5 13. Ng4 Bxg4 14. hxg4 b4
15. Nd5 Nxd5 16. exd5 Nd4 17. Bd3 Qc5 18. Be3 $44) (12... Be6 13. Nd5 Bxd5 14.
exd5 Na5 15. b3 Rac8 16. c4) 13. Be3 Be6 14. Nd5 Bxd5 15. exd5 Ne7 16. c4 b5
17. b3 bxc4 18. bxc4 {[%csl Gc4]} Nf5 19. Bd2 Qc5 $132) (12. Nd5 Nxd5 13. exd5
Nb8 14. c4 a5 15. b3 Na6 16. a3 Nc5 17. Be3 Bf5 $132 {1/2-1/2 Bar,R-Botvinnik,
I/Rishon Le Ziyyon 1997/CBM 62 ext (62)}) 12... b5 $6 {12...Nd4 deserves
attention, exchanging the knight and simplifying the position} (12... Nd4 $5
13. Bb2 Nxf3+ 14. Qxf3 Be6 15. Bd3 Rac8 16. Ne2 Qa5 17. Ng3 g6 18. Nf1 Nh5 19.
Ne3 Nf4 $14 {0-1 Geller,E-Popovic,P/Vrsac 1987/CBM 05 (45)}) 13. Nd5 $5 $146 {
[%mdl 12] Immideatly clarifying the situation, another line is 13.Bb2. As the
game below shows black gets a comfortable position} (13. Bb2 Nb8 $5 14. Qd2
Nbd7 15. a4 b4 16. Nd5 Nxd5 17. exd5 a5 18. c3 Nc5 19. Bc4 bxc3 20. Bxc3 Bf5
21. Rac1 Rfb8 22. Qd1 Qb6 $132 {1/2-1/2 Kuporosov,V-Kalinin,A/Katowice 1991/
EXT 97 (22)}) 13... Nxd5 14. exd5 Nb8 15. a4 $5 {[%mdl 16] White immideatly
tries to break black's pawn chain on the queen side} Bf5 {Also in case of 15...
b4, white has the initiative. It appears that 13.Nd5 raises doubt whether 12...
b5 is playable} (15... b4 16. Bd2 a5 17. c3 bxc3 18. Rc1 Nd7 19. Rxc3 Nc5 20.
Be3 $36) 16. axb5 Bxc2 17. Qd2 Bxb3 (17... Bf5 18. bxa6 Bc8 19. Re4 Bxa6 20.
Rea4 $36) 18. Re3 $1 {Black's situation is critical already. Perhaps, 18...e4
was the best chance, although in this case too, white's edge is undoubtful} Qc2
(18... e4 $5 19. Rxb3 exf3 20. Qa5 $16) 19. Rxb3 $1 Qxb3 20. Ra3 $18 {Black's
queen is in a trap and white wins easily} Qxa3 21. Bxa3 axb5 22. Qe3 b4 23.
Bxb4 Nd7 24. Bb5 {Activizing his pieces even more} Rfb8 25. Bxd7 Rxb4 26. Qc3
Rab8 27. Nd2 {[%cal Yd2c4,Yd2f1,Yf1e3] Trying to bring the knight to a more
active place} Rd4 28. Qc7 Rd8 29. Nf1 Kf8 (29... Rxd5 30. Bc6 $18) 30. Ne3 {
[%cal Ye3f5]} g6 {Preventing from the knight the f5 square} 31. g3 h5 32. h4 {
White continues to strengthen his position, restricting the Be7} Rb4 33. Bc8
Rb5 34. Bb7 Rc5 35. Bc6 {White cuts off black's rooks, and breaking the
coordination of black's pieces} f5 36. Kg2 Kf7 37. Nf1 {[%cal Rf1d2,Rd2b3,
Rd2f3] White decides to bring the knight to a better position} Kf6 38. Nd2 e4
39. Nb3 Rc3 40. Qb6 Kf7 41. Nd4 {[%cal Rd4e6] Black enters black's position
and decides the game} f4 42. gxf4 Bxh4 43. Ne6 Rg8 44. Qc7+ 1-0

[Event "Sarajevo Bosnia 31st"]
[Site "Sarajevo"]
[Date "2001.05.20"]
[Round "7"]
[White "Georgiev, Kiril"]
[Black "Kozul, Zdenko"]
[Result "1-0"]
[WhiteElo "2676"]
[BlackElo "2595"]
[Annotator "Gofshtein,L"]
[PlyCount "79"]
[EventDate "2001.05.13"]
[EventType "tourn"]
[EventRounds "9"]
[EventCountry "BIH"]
[EventCategory "16"]
[SourceTitle "CBM 084"]
[Source "ChessBase"]
[SourceDate "2001.09.13"]
[SourceVersion "1"]
[SourceVersionDate "2001.09.13"]
[SourceQuality "1"]

1. e4 c5 2. Nf3 d6 3. d4 cxd4 4. Nxd4 Nf6 5. Nc3 Nc6 6. Be2 e5 7. Nf3 h6 8. O-O
Be7 9. Re1 O-O 10. h3 Be6 11. Bf1 Nb8 12. b3 a6 13. a4 Qc7 (13... b6 14. Bb2
Nbd7 15. Nd2 Qc7 16. Nc4 Qc6 17. Ne3 Rfe8 18. Qf3 Nc5 19. Nf5 Bxf5 20. Qxf5 $14
{1/2-1/2 Spasov,V-Bratanov,Z/Tsarevo BUL 2001/The Week in Chess 341 (40)}) 14.
Bb2 Nc6 $146 {[%cal Gc6a5,Gc6b4]} (14... Nbd7 {-mainline.And here:} 15. a5 $5 (
15. Nd5) (15. Nd2) 15... Qc6 {-see commented game 0-1 Moroz,A-Lerner,K/
Ordzhonikidze 2000/CBM 78 (Gofshtein,L](47)}) (14... Re8 $6 15. Nd2 Nc6 16. Nc4
Nd4 17. a5 Rad8 18. Ne3 Qc6 19. Ra4 Rc8 (19... Nxe4 20. Nxe4 Qxe4 21. c3 $1 $18
{[%csl Rd4][%cal Ga4e4]}) 20. Ncd5 Bxd5 21. exd5 $16 {1-0 Zelcic,R-Kozul,Z/
Bizovac CRO 2001/The Week in Chess 329 (35)}) 15. Qd2 $5 ({Of course, both
sides saw next variation:} 15. Nd5 Bxd5 16. exd5 Nb4 $1 {[%csl Rc2]} (16... e4
$2 17. dxc6 exf3 18. cxb7 Qxb7 19. Qxf3 $16) 17. c4 (17. Qd2 Nbxd5 18. c4)
17... a5 $132 {[%csl Gb4,Gc5][%cal Gf6d7,Gd7c5] With blockade on the black
squares and f7-f5 promotion.}) 15... Rac8 (15... Nb4 $2 {would meet by} 16. Ba3
$1 (16. a5 Rfd8 $132 {[%cal Gd6d5]}) 16... a5 {[%csl Rb5]} ({Badly is also} 
16... d5 17. Nxd5 Nbxd5 18. exd5 Bxa3 19. dxe6 Bb2 20. exf7+ Kh8 21. Bc4 Bxa1
22. Rxa1 $16 {[%csl Gf7,Rh8][%cal Gf3h4]}) 17. Nb5 Qc6 {[%csl Re4][%cal Gc6e4,
Gf6e4]} 18. c3 Nxe4 (18... Na6 19. Nxd6 Rfd8 20. Nxe5 Qc7 21. Rad1 Bxb3 22. Bc4
Bxd1 23. Bxf7+ Kh8 $8 24. Rxd1 $16) 19. Rxe4 Qxe4 20. cxb4 $16) 16. a5 $5 {
This interesting P sacrifice idea is to restrict black Na5.} (16. Nd5 Bxd5 17.
exd5 Nb8 18. c4 a5 $132 {[%cal Gb8a6,Ga6b4,Gf6d7,Gd7c5] with alredy noted
above idea of blockade on black squares.}) 16... Nxa5 17. Nd5 Bxd5 18. exd5 Bd8
({Dubious is} 18... Qxc2 $6 19. Rxa5 Bd8 20. Ra4 Qxd2 21. Nxd2 Nxd5 $14) 19.
Bd3 ({Badly is} 19. Ba3 $2 Qxc2 20. Bxd6 Re8 $17) 19... b5 $2 $16 ({Position
is very complicated, and the next strong move should be calculated well:} 19...
e4 $1 20. Bxe4 (20. Bxf6 Bxf6 21. Rxa5 Bc3 22. Qf4 exd3 $19) 20... Nxe4 21.
Rxe4 Qxc2 $8 22. Rg4 $1 {[%csl Rg7][%cal Gb2g7,Gg4g7]} g5 (22... g6 23. Qd4 f6
$8 24. Rc1 Qxc1+ 25. Bxc1 Rxc1+ 26. Kh2 $18) 23. Qd4 Qh7 (23... f6 24. Nxg5 $1
hxg5 25. Rxg5+ $18) 24. Rxa5 $5 {This position looks good for White: Black
can't recapture on a5, but...} (24. Rg3 Nxb3 25. Nxg5 Nxd4 26. Nxh7+ Kxh7 27.
Bxd4 Rg8 $17) 24... f5 $1 {would give to Black sufficient counterplay:} (24...
Bxa5 25. Nxg5 $18) 25. Qe3 (25. Rg3 Bf6 26. Qxf6 (26. Qd2 f4 27. Rg4 Qb1+ 28.
Kh2 Bxb2 $17) 26... Rxf6 27. Nxg5 (27. Bxf6 f4 28. Rg4 Qb1+ 29. Kh2 Rc1 $19)
27... hxg5 28. Bxf6 g4 $1 $17) 25... fxg4 26. Qe6+ Qf7 27. Qxh6 Rc1+ 28. Bxc1
gxf3 $132) 20. Ra2 $1 {[%cal Ga2c2] Strong prophilactic move!} e4 {Too late!}
21. Bxf6 Bxf6 22. Rxe4 $40 {[%csl Ra5][%cal Ge4g4]} Bc3 23. Qf4 Rfe8 24. b4 $1
{[%csl Ra6]} Nc4 25. Rxa6 Bxb4 26. Rc6 Qb7 27. Nd4 (27. Bxc4 bxc4 28. Rexc4 Bc5
29. Re4 $16) (27. Qf5 g6 28. Rxe8+ Rxe8 29. Qf4 $16 {[%csl Rc4,Rh6]}) 27... Ra8
28. Nf5 {[%csl Rd6,Rg7,Rg8,Rh6][%cal Gf5g7,Gf5h6,Gf4g3,Gf4g4]} (28. Nxb5 $2
Qxb5 29. Rxe8+ Rxe8 30. Rxc4 Bc5 31. Qxf7+ Kxf7 32. Rf4+ Kg8 33. Bxb5 Rf8 {
[%csl Rf2]} 34. Rxf8+ Kxf8 $44) 28... Bc3 $6 $18 ({More stubborn was} 28...
Rxe4 $5 29. Qxe4 Qa7 {[%csl Rg7][%cal Ga7a1,Ga1g7]} 30. Qg4 Qa1+ 31. Kh2 Kf8
32. Bxc4 bxc4 33. c3 $1 Bxc3 (33... Qxc3 34. Rxc4 Qe5+ 35. f4 $18) 34. Qxc4 Bf6
35. Rc8+ Bd8 36. Nxd6 Rxc8 (36... Qe5+ 37. f4 Rxc8 38. fxe5 Rxc4 39. Nxc4 $18)
37. Nxc8 $16) 29. Bxc4 Rxe4 ({Loses also} 29... bxc4 30. Rxe8+ Rxe8 31. Qxc4
Re1+ 32. Kh2 Be5+ 33. f4 Qd7 34. Nxh6+ (34. Nh4 Bf6 35. Rc7 {[%csl Rd7]} Re4
36. Rc8+ Re8 37. Rxe8+ Qxe8 38. Nf5 Qd7 39. g4 $18) 34... gxh6 35. fxe5 Rxe5
36. Qb3 $18 {[%cal Gc2c4]}) 30. Qxe4 bxc4 31. Nxd6 ({Or} 31. Qxc4 $18) 31...
Qb1+ 32. Kh2 Qf1 33. Qf5 {[%csl Rf7]} Rf8 34. Rc8 Rxc8 35. Qxc8+ Kh7 36. Qf5+
Kh8 37. Nxf7+ Kg8 38. d6 Qd1 39. d7 Bf6 40. Qxf6 1-0

[Event "Olympiad-34"]
[Site "Istanbul"]
[Date "2000.11.02"]
[Round "6.2"]
[White "Vallejo Pons, Francisco"]
[Black "Avrukh, Boris"]
[Result "0-1"]
[WhiteElo "2554"]
[BlackElo "2625"]
[Annotator "Gofshtein,L"]
[PlyCount "72"]
[EventDate "2000.10.28"]
[EventType "team-swiss"]
[EventRounds "14"]
[EventCountry "TUR"]
[SourceTitle "EXT 2001"]
[Source "ChessBase"]
[SourceDate "2000.11.22"]
[SourceVersion "1"]
[SourceVersionDate "2000.11.22"]
[SourceQuality "1"]
[WhiteTeam "Spain"]
[BlackTeam "Israel"]
[WhiteTeamCountry "ESP"]
[BlackTeamCountry "ISR"]

1. e4 c5 2. Nf3 d6 3. d4 cxd4 4. Nxd4 Nf6 5. Nc3 Nc6 6. Be2 e5 7. Nf3 h6 8. O-O
Be7 9. Re1 O-O 10. h3 a6 11. b3 {Here Black must choose: to develop Bc8 on e6
or on b7.} (11. a3 $5 {-see commented game 0-1 Smyslov,V-Popovic,P/Subotica
1987/CBM 03/[Boensch,U] (63)}) (11. a4 Be6 12. Bf1 (12. b3 Rc8 13. Ba3 Qa5 14.
Qd2 Nd4 15. Bb2 Nxe2+ 16. Rxe2 $132 {1/2-1/2 Broadbent,R-Unzicker,W/Birmingham
1951/MCD (62)}) 12... Qc7 13. Nd5 Bxd5 14. exd5 Nb4 15. c4 a5 16. Bd2 Rfe8 17.
Nh4 Bf8 18. Nf5 Kh8 19. Qf3 Na6 20. Qg3 $14 {1-0 Barlov,D-Popovic,P/Novi Sad
1985/MCL (56)}) (11. Bf1 {-mainline}) 11... Be6 ({Acceptable also} 11... b5 $5
{[%cal Gc8b7] -the second choice.} 12. Bf1 Bb7 13. Bb2 (13. a4 b4 14. Nd5 a5
15. Bc4 Rc8 16. Be3 Nxd5 17. Bxd5 Ba6 18. Qd2 Bf6 19. Rac1 Ne7 20. c4 bxc3 21.
Rxc3 Rxc3 22. Qxc3 Nxd5 23. exd5 Bb7 $15 {1-0 Zagrebelny,S-Filipenko,A/Moscow
1998/EXT 99 (38)}) 13... Nb8 14. Nh2 b4 15. Nd5 Nxd5 16. exd5 Nd7 17. a3 Nb6 (
17... a5 $132) 18. axb4 Nxd5 19. Bxa6 $5 (19. Ng4 $5 Qb6 $132 (19... Nxb4 $140
20. Nxh6+ gxh6 21. Qg4+ $16 {[%csl Rb4]})) 19... Rxa6 20. Rxa6 Nf4 $1 21. Ra7 (
21. Ra1 Nxg2 22. Re2 Nf4 23. Re3 $44) 21... Qb6 22. Rxb7 Qxb7 23. Qf3 Qxb4 $132
{1/2-1/2 Womacka,M-Reeh,O/Germany 1991/GER-chT (43)}) 12. Bb2 Qa5 (12... Rc8
13. Bf1 Nb8 14. Nd5 Nxd5 15. exd5 Bf5 16. c4 Nd7 $132 {1-0 Smagin,
S-Damljanovic,B/Zenica 1989/EXT 97 (37)}) 13. a3 (13. Qd2) 13... Rfc8 14. Bf1
Nb8 15. Rc1 $2 $17 {Of course, White didn't miss the next move. But next
complications evaluation was wrong!} ({Normal move was} 15. Qd2 $132) 15...
Rxc3 $1 {Black doesn't afraid of phantoms.} 16. Qd2 $8 Rc5 {Boris decided to
play this variation.} ({Another unexpected tactical move was} 16... Nxe4 $5 {
[%mdl 64]} 17. Rxe4 Qd5 18. Bd3 (18. Qxd5 Bxd5 19. Ree1 Rc8 $17) 18... Rc8 19.
c4 Qc6 20. Re3 $15 {with particular compensation for P lack.}) 17. b4 $8 Qb6 $8
18. bxc5 $8 Qxb2 $8 19. cxd6 $8 Bd8 ({Or} 19... Bf8 $17 {[%csl Rd6][%cal Gf8d6]
}) 20. Qb4 $5 Qxb4 $8 21. axb4 Nc6 ({Possible also} 21... Nbd7 22. c4 a5 23.
Ra1 a4 {[%cal Ge6a2]} 24. Re3 b6 25. Nd2 Ne8 26. Rea3 Nxd6 27. Rxa4 Rxa4 28.
Rxa4 {Pair RR exchange complicates advantage realization.} Bg5 29. Nf3 Nxc4 $17
) 22. b5 (22. c3 Bb6 $17 {[%cal Gg8f8]}) 22... axb5 23. Bxb5 Rc8 24. Ra1 (24.
Rb1 $142 Ba5 (24... Nd7 25. Red1 Bb6 26. c3 Kf8 27. Ba4 f6 $17 {[%csl Rd6]} (
27... Ke8 28. Nxe5 $1)) 25. Red1 Nxe4 $17 (25... Bc3 26. Bd3 (26. Bf1 {[%csl
Rb7]} Nd8 $17) 26... Nb4 (26... Rd8 27. Rxb7 Rxd6 28. Rdb1 $15) 27. Nxe5 Ba2
28. d7 Rd8 29. Bc4 Bxc4 30. Nxc4 $132)) 24... Na5 25. Nxe5 $2 $19 {[%mdl 8192]}
(25. Bd3 Rc5 $17 {[%cal Gg8f8]}) 25... Rc5 {[%csl Rb5,Re5]} 26. Bd3 Rxe5 27. f4
Rc5 28. f5 Bc8 29. e5 Ne8 30. g4 Kf8 31. Rab1 Nc6 32. Rb5 f6 33. exf6 (33. Rxc5
Bb6 $19) 33... Bxf6 34. d7 Bd4+ 35. Kf1 Bxd7 36. Rxb7 Bc8 0-1

[Event "Capablanca Memorial Elite 32nd"]
[Site "Cienfuegos"]
[Date "1997.05.06"]
[Round "2"]
[White "Zapata, Alonso"]
[Black "Hernandez Guerrero, Gilberto Eduardo"]
[Result "1-0"]
[WhiteElo "2515"]
[BlackElo "2540"]
[Annotator "Gofshtein,L"]
[PlyCount "61"]
[EventDate "1997.05.05"]
[EventType "tourn"]
[EventRounds "11"]
[EventCountry "CUB"]
[EventCategory "12"]
[SourceTitle "CBM 059"]
[Source "ChessBase"]
[SourceDate "1997.08.01"]
[SourceVersion "1"]
[SourceVersionDate "1997.08.01"]
[SourceQuality "1"]

1. e4 c5 2. Nf3 Nc6 3. d4 cxd4 4. Nxd4 Nf6 5. Nc3 d6 6. Be2 e5 7. Nf3 h6 8. O-O
Be7 9. Re1 O-O 10. Bf1 Bg4 (10... Be6 11. Nd5 Bxd5 12. exd5 Nb8 13. c4 Nbd7 14.
Nh4 $14) 11. h3 Bh5 12. g4 Bg6 13. Bg2 (13. Nh4 Nh7 14. Nf5 Bxf5 15. exf5 Bg5
16. Be3 Bxe3 17. Rxe3 Rc8 18. Bg2 Nf6 19. Ne4 Nxe4 20. Bxe4 Qf6 21. Rd3 Rfd8
22. Qd2 $14) 13... Nh7 $2 (13... Rc8 $142 14. a3 Na5) 14. Nd5 Bg5 $2 (14... Ng5
$142 15. Nxe7+ Qxe7 16. Nxg5 hxg5 17. Be3 $14) 15. Nxg5 Nxg5 16. c3 $16 Ne6 (
16... Ne7 $142) 17. Be3 Qh4 18. Qd2 h5 19. f3 hxg4 20. hxg4 f6 (20... Qd8 $142)
21. Rad1 Rfd8 22. Bf1 Qg3+ (22... Kf7 23. Qh2 $16) 23. Qg2 Qxg2+ 24. Kxg2 Kf7 (
24... Rac8 25. Rd2 Nc7 26. Nxc7 Rxc7 27. Red1 Rcd7 28. Bb5 $16) 25. Rd2 Rd7 26.
Red1 Kf8 27. Bb5 $18 Rad8 28. Nb4 Nxb4 29. Bxd7 Rxd7 30. cxb4 Ke7 31. Bc5 1-0

[Event "Linares Anibal op 08th"]
[Site "Linares"]
[Date "2001.01.12"]
[Round "5"]
[White "Odeev, Handszar"]
[Black "Avrukh, Boris"]
[Result "1/2-1/2"]
[WhiteElo "2472"]
[BlackElo "2630"]
[Annotator "Gofshtein,L"]
[PlyCount "115"]
[EventDate "2001.01.08"]
[EventType "swiss"]
[EventRounds "11"]
[EventCountry "ESP"]
[SourceTitle "CBM 081"]
[Source "ChessBase"]
[SourceDate "2001.03.20"]
[SourceVersion "1"]
[SourceVersionDate "2001.03.20"]
[SourceQuality "1"]

1. e4 c5 2. Nf3 Nc6 3. d4 cxd4 4. Nxd4 Nf6 5. Nc3 d6 6. Be2 e5 7. Nf3 h6 8. O-O
Be7 9. Re1 O-O 10. h3 a6 11. Bf1 Qc7 12. Nd5 ({Here played also unexpected} 12.
Nb1 $5 {[%cal Gc2c4] with idea c2-c4} b5 13. a4 $5 b4 14. Nbd2 {[%csl Yb3,Yc4]
[%cal Yf1c4,Yd2c4,Yd2b3]} Na5 15. Bd3 Be6 16. Qe2 Rfe8 17. b3 Bf8 18. Nf1 Qc6
19. Bd2 $14 {1-0 Erenska Radzewska,H-Gajic,D/Jajce 1990/TD (41)}) 12... Nxd5
13. exd5 Nb8 ({Practice of tournaments shows that Black has no opening
problems in alternative continuations:} 13... Na5 14. c4 Bd7 (14... Nxc4 $2 15.
Qc2 b5 16. b3) 15. Bd2 Bf6 16. Rc1 e4 17. Rxe4 Bxb2 $132 {1/2-1/2 Schikor,
T-Andresen,S/Dresden 1995/EXT 97 (32)}) (13... Nd8 14. c4 f5 {[%cal Rd8f7]} 15.
b3 Nf7 16. Bb2 Bf6 17. Rc1 b6 18. b4 a5 19. a3 axb4 20. axb4 {1/2-1/2 Velcheva,
M-Kovalevskaya,E/Vrnjacka Banja 1999/EXT 2000 (20)}) 14. c4 ({After} 14. a4 {
Black solves opening problems too:} a5 15. Nd2 f5 16. Nc4 Nd7 17. f4 Bh4 $5 $36
{0-1 Geller,E-Galliamova,A/Aruba 1992/CBM 33 (37)}) 14... a5 (14... Bf5 $6 {
Bf5 obstructs Pf7 for promotion to f5.} 15. b3 Nd7 16. Bb2 Bh7 17. b4 Rfe8 18.
a3 Bf8 19. Qb3 b6 20. Nd2 $14 {1-0 Mainka,R-Andresen,S/Germany 1994/GER-chT 
(47)}) ({Right is} 14... f5 $1 15. Rb1 (15. b3 Bf6 16. Bb2 Nd7 17. b4 b6 18.
Qb3 Rb8 19. Rad1 $14 {1/2-1/2 Jonasson,B-Vidarsson,J/Kopavogur 1994/CBM 41 ext
(66)}) 15... Bf6 16. b3 Nd7 17. Bb2 a5 18. Qc2 Nc5 19. Nd2 Bd7 $132 {0-1
Herrera,I-Otero,E/Havana 1990/EXT 2000 (34)}) 15. Be3 {Except of this move
White played also} (15. b3 Na6 16. a3 Nc5 17. Be3 Bf5 18. Ra2 Bg6 19. Rb2 Bf6
20. b4 axb4 21. axb4 e4 22. Nd4 Nd3 23. Bxd3 exd3 24. Qb3 Rfc8 $132 {1/2-1/2
Bar,R-Botvinnik,I/Rishon Le Ziyyon 1997/CBM 62 ext (62)}) (15. Bd2 f5 16. Rc1
b6 17. b3 Bf6 18. Bc3 Na6 19. a3 Qc5 20. Ra1 Bd7 21. Qd2 Qc7 22. b4 $14 {
[%csl Ra6] 1-0 Wang Lei-Liu Wenzhe/PRC-chT 1987/EXT 97 (64)}) 15... Na6 16. a3
Bd7 17. Rb1 ({Why not simply} 17. b3 $5) 17... a4 {[%csl Rb3]} 18. b4 axb3 19.
Qxb3 {[%csl Ra3,Yb7,Rc4]} Bf5 20. Rb2 (20. Bd3 Bxd3 21. Qxd3 f5 $132) 20... Nc5
{Black sacrifices P for pair of BB and active play on the opened files.} ({
Worth of attention} 20... Bc8 $5 {[%csl Gb7]}) 21. Qb6 (21. Bxc5 Qxc5 22. Qxb7
Bf6 $44 {[%csl Ra3]}) 21... Rfc8 ({To the same position with another moves
order was lead} 21... Qxb6 22. Rxb6 Rfc8 23. Bxc5 Rxc5 24. Rxb7 Bd8 (24... Bf6
25. Rb6 $36)) 22. Bxc5 Qxc5 23. Qxc5 Rxc5 24. Rxb7 Bd8 $1 {Strong manoeuvre. B
is transfered to active points on the queenside.} 25. Re3 Bc8 (25... Rca5 26.
Be2) 26. Rb2 ({After} 26. Rb5 {Black has good position too:} Rxb5 27. cxb5 Bb6
28. Rc3 Bb7 $132 {[%csl Rd5]}) 26... Rca5 27. Nd2 Bc7 {[%csl Gb8] b8 square
protection, treatening Rxa3.} ({In case of} 27... Bg5 $2 28. Reb3 Bxd2 29. Rxd2
Rxa3 30. Rxa3 Rxa3 31. Rb2 Bf5 32. f4 $16 {White has certain advantage in view
of Pd6 weakness.}) 28. Rbb3 (28. Nb1 Kf8 29. Reb3 $44) 28... f5 {Black starts
to promote his PP of kingside - "majority Attack".} 29. g3 Bb8 30. Nb1 Ba7 31.
Re2 Ba6 $36 {Black has more than sufficient compensation for P lack.} 32. Reb2
Rc8 33. Rb4 Kf7 34. R2b3 Kf6 {Black K takes active part in the endgame.} 35.
Kg2 {White has very passive position and had to wait for Black acivity with
patience.} e4 36. h4 g5 37. hxg5+ hxg5 38. Nc3 Ke5 $22 39. Nb1 f4 40. g4 f3+ (
40... Bc5 41. Rb8 {Position looks difficult for White, but analysis shows that
White has enough resources for defence:} Kd4 (41... Ra4 42. Rxc8 Bxc8 43. f3 e3
44. Rb8 Ba6 45. Re8+ Kf6 (45... Kd4 46. Re4#) 46. Nc3 Rxa3 47. Ne4+ Kf7 48. Re6
Ra2+ 49. Kh3 Bb4 50. Nxg5+ Kg7 $44) 42. Rxc8 Bxc8 43. f3 e3 44. Nc3 Ba6 45.
Nb5+ Bxb5 46. cxb5 $44) 41. Kg3 Rh8 42. Nd2 Rh1 43. Rb8 $5 {Try of counterplay
recieving at any cost...} (43. Bh3 $6 Rg1+ 44. Kh2 Rd1 $19 ({and here not} 
44... Bxf2 $2 {in view of} 45. Rxf3 $1)) 43... Bxb8 44. Rxb8 Rxa3 $2 $44 {
Decisive mistake. Now White survive.} ({Right was} 44... Rg1+ {and Black wins
by force:} 45. Kh2 Rxf1 46. Nxf1 Bxc4 47. Ne3 Bxd5 48. Rf8 Be6 49. Nc4+ Bxc4
50. Rf5+ Kd4 51. Rxa5 e3 $19) 45. Re8+ Kd4 46. Rxe4+ Kc5 47. Re6 Ra2 48. Ne4+
Kd4 49. Bh3 Bxc4 50. Nxg5 Kxd5 (50... Bxd5 51. Rxd6 Ke5 52. Rd8 Rg1+ 53. Kh2
Raa1 54. Rf8 $44) 51. Re3 Rd1 (51... Rc1 52. Nxf3 Rcc2 53. g5 Rxf2 54. g6 $132)
52. Nxf3 (52. Ne4) 52... Rd3 53. Re8 Bb5 54. Re7 Raa3 55. Bg2 Kc5 56. g5 Bc6
57. Rf7 Be4 58. Kg4 $44 1/2-1/2